Mannschaften - Fußball-Europameisterschaft 1984 - Statistiken

Allgemein
  • Dieses Quiz wurde 21 mal gespielt
  • Das Durchschnittsergebnis liegt bei 7 aus 8
Antwortstatistiken
Squadra % Korrekt
Westdeutschland
100%
Frankreich
95%
Portugal
95%
Spanien
95%
Dänemark
89%
Jugoslawien
89%
Belgien
84%
Rumänien
58%
Keine übereinstimmenden Quizze gefunden
Verteilung der Resultate
Anzahl Personen mit jedem Resultat
Perzentil nach korrekt beantworteten Fragen
Ihre Resultats-Entwicklung
Sie haben dieses Quiz noch nicht gespielt